[Event "CZE-ch Betsys Online Blitz"]
[Site "Chess.com INT"]
[Date "2021.04.17"]
[Round "5"]
[White "Hlozek, David"]
[Black "Rojar, Libor"]
[Result "0-1"]
[WhiteElo "2050"]
[BlackElo "1883"]
[PlyCount "64"]
[EventDate "2021.04.17"]
[EventType "swiss (blitz)"]
[EventRounds "13"]
[EventCountry "CZE"]
[SourceTitle "CBM 201 Extra"]
[Source "ChessBase"]
[SourceDate "2021.05.31"]
[SourceVersion "1"]
[SourceVersionDate "2021.05.31"]
[SourceQuality "1"]

1. e4 c6 2. d4 d5 3. Nd2 dxe4 4. Nxe4 Bf5 5. Ng3 Bg6 6. h4 h6 7. h5 Bh7 8. Nf3 Nd7 9. Bd3 Bxd3 10. Qxd3 Qc7 11. Bd2 e6 12. 0-0-0 0-0-0 13. Ne4 Ngf6 14. Kb1 Nxe4 15. Qxe4 Nf6 16. Qe2 c5 17. dxc5 Bxc5 18. Bc3 Rxd1+ 19. Rxd1 Rd8 20. Be5 Qb6 21. Rxd8+ Qxd8 22. b3 Qd5 23. Bb2 a6 24. Ne5 Ne4 25. f3 Ng3 26. Qe1 Nxh5 27. Nxf7 Nf4 28. Bxg7 h5 29. Qc3 Ne2 30. Qe5 Qd1+ 31. Kb2 Bd4+ 32. Qxd4 Nxd4 0-1

[Event "CZE-ch Betsys Online Blitz"]
[Site "Chess.com INT"]
[Date "2021.04.17"]
[Round "11"]
[White "Pisk, Petr"]
[Black "Rojar, Libor"]
[Result "1-0"]
[WhiteElo "2331"]
[BlackElo "1883"]
[PlyCount "93"]
[EventDate "2021.04.17"]
[EventType "swiss (blitz)"]
[EventRounds "13"]
[EventCountry "CZE"]
[SourceTitle "CBM 201 Extra"]
[Source "ChessBase"]
[SourceDate "2021.05.31"]
[SourceVersion "1"]
[SourceVersionDate "2021.05.31"]
[SourceQuality "1"]

1. e4 e5 2. Nf3 Nf6 3. Nxe5 Nxe4 4. Qe2 Qe7 5. Qxe4 d6 6. d4 dxe5 7. Qxe5 Qxe5+ 8. dxe5 Bf5 9. c3 Nd7 10. Bf4 0-0-0 11. Nd2 Nxe5 12. Bxe5 Re8 13. Nf3 f6 14. 0-0-0 fxe5 15. Re1 Bc5 16. Rxe5 Rxe5 17. Nxe5 Bxf2 18. Bd3 Be3+ 19. Kc2 Be6 20. Rf1 c6 21. Bf5 Bxf5+ 22. Rxf5 Re8 23. Nc4 Bh6 24. Nd6+ Kd7 25. Nxe8 Kxe8 26. b3 Ke7 27. Kd3 Bc1 28. c4 g6 29. Rf1 Bb2 30. Ke4 Ke6 31. Rf8 b5 32. cxb5 cxb5 33. Rb8 Be5 34. Rxb5 Bxh2 35. Rb7 Bg1 36. Rxh7 Bc5 37. Rc7 Bb6 38. Rb7 Bc5 39. b4 Bf2 40. a4 Bg1 41. a5 Bf2 42. b5 Kd6 43. Rg7 Kc5 44. b6 axb6 45. a6 Kc6 46. a7 b5 47. a8Q+ 1-0

[Event "CZE-ch Betsys Online Blitz"]
[Site "Chess.com INT"]
[Date "2021.04.17"]
[Round "6"]
[White "Rojar, Libor"]
[Black "Tomanec, Samuel"]
[Result "1-0"]
[WhiteElo "1883"]
[BlackElo "1395"]
[PlyCount "67"]
[EventDate "2021.04.17"]
[EventType "swiss (blitz)"]
[EventRounds "13"]
[EventCountry "CZE"]
[SourceTitle "CBM 201 Extra"]
[Source "ChessBase"]
[SourceDate "2021.05.31"]
[SourceVersion "1"]
[SourceVersionDate "2021.05.31"]
[SourceQuality "1"]

1. e4 e5 2. Nf3 Nc6 3. Bb5 Bc5 4. 0-0 Qf6 5. Nc3 Nge7 6. d3 h6 7. Nd5 Nxd5 8. exd5 Ne7 9. Qe2 0-0 10. Qxe5 Qxe5 11. Nxe5 d6 12. Nf3 Nxd5 13. Bc4 Nf6 14. d4 d5 15. Bb3 Bb6 16. Bf4 Re8 17. Rfe1 Bg4 18. c3 Bxf3 19. gxf3 Nh5 20. Bd2 c5 21. dxc5 Bxc5 22. Bxd5 Red8 23. c4 Nf6 24. Ba5 Rd7 25. Rad1 Nxd5 26. Rxd5 Rxd5 27. cxd5 b6 28. Bc3 Rd8 29. Rd1 a6 30. b4 Bd6 31. h3 b5 32. a3 Bf4 33. Kf1 f6 34. Ke2 1-0

[Event "CZE-chT2E 1819"]
[Site "Czech Republic"]
[Date "2019.01.13"]
[Round "6.6"]
[White "Rojar, Libor"]
[Black "Travnicek, Petr"]
[Result "1/2-1/2"]
[WhiteElo "1875"]
[BlackElo "2104"]
[PlyCount "124"]
[EventDate "2018.10.14"]
[EventType "team-tourn"]
[EventRounds "11"]
[EventCountry "CZE"]
[SourceTitle "EXT 2022"]
[Source "ChessBase"]
[SourceDate "2021.10.06"]
[SourceVersion "1"]
[SourceVersionDate "2021.10.06"]
[SourceQuality "1"]
[WhiteTeam "Kunovice"]
[BlackTeam "Veseli nad Moravou"]
[WhiteTeamCountry "CZE"]
[BlackTeamCountry "CZE"]

1. e4 c5 2. c3 d5 3. exd5 Qxd5 4. d4 Nc6 5. Nf3 Bg4 6. Be2 cxd4 7. cxd4 e6 8. Nc3 Qa5 9. 0-0 Nf6 10. a3 Be7 11. h3 Bh5 12. Be3 0-0 13. b4 Qd8 14. Qd2 Rc8 15. Rac1 Re8 16. Rfd1 Nd5 17. Nxd5 exd5 18. b5 Nb8 19. Rxc8 Qxc8 20. Rc1 Qe6 21. g4 Bg6 22. Qa5 a6 23. a4 Bd6 24. Qd2 f5 25. Ng5 Qe7 26. Bf3 h6 27. Bxd5+ Kh8 28. Nf3 fxg4 29. hxg4 Be4 30. Qa2 Nd7 31. bxa6 bxa6 32. g5 hxg5 33. Nxg5 Nf6 34. Be6 Bg6 35. d5 Ne4 36. Nxe4 Bxe4 37. Qe2 Qh4 38. f3 Qg3+ 39. Qg2 Bxf3 40. Qxg3 Bxg3 41. Bb6 Rf8 42. Bc7 Bxc7 43. Rxc7 Rd8 44. Rc5 Kh7 45. Kf2 Bh1 46. Ke3 Kg6 47. Kd4 Kf6 48. Rc6 a5 49. Ra6 g5 50. Rxa5 Bf3 51. Ra6 Kg7 52. Ke5 g4 53. Ra7+ Kg6 54. Kf4 Bxd5 55. Bxg4 Kf6 56. Ra6+ Ke7 57. Bd1 Bb7 58. Ra7 Rxd1 59. Rxb7+ Kd6 60. Ke4 Kc6 61. Rb4 Kc5 62. Rb5+ Kc4 1/2-1/2

[Event "CZE-chT2e 0506"]
[Site "Czech Republic"]
[Date "2005.11.20"]
[Round "3.7"]
[White "Rojar, Libor"]
[Black "Slovak, Pavel"]
[Result "0-1"]
[WhiteElo "1830"]
[BlackElo "2092"]
[PlyCount "60"]
[EventDate "2005.10.16"]
[EventType "team"]
[EventRounds "11"]
[EventCountry "CZE"]
[SourceTitle "EXT 2008"]
[Source "ChessBase"]
[SourceDate "2007.11.25"]
[SourceVersion "1"]
[SourceVersionDate "2007.11.25"]
[SourceQuality "1"]

1. e4 c5 2. c3 d5 3. exd5 Qxd5 4. d4 Nf6 5. Nf3 Bg4 6. Be2 cxd4 7. cxd4 e6 8. Nc3 Qd8 9. Qb3 Qc8 10. Bf4 Nc6 11. Nb5 Nd5 12. Nd6+ Bxd6 13. Bxd6 Qd7 14. Bc5 Nf4 15. Bb5 Nxg2+ 16. Kf1 Bxf3 17. Qxf3 Nh4 18. Qe4 Nf5 19. Re1 0-0-0 20. Bxa7 Nd6 21. Bxc6 bxc6 22. Qf3 Qxa7 23. Qxc6+ Kb8 24. Re3 Qc7 25. Qa6 Qc4+ 26. Qxc4 Nxc4 27. Rb3+ Ka8 28. Rb4 Rxd4 29. Ke2 Rhd8 30. Rc1 Re4+ 0-1